Řecké náboženství

Bibliographic Details
Main Author: Hošek, Radislav, 1922-2005 (Author)
Format: Book
Language:Undetermined
PhysicalDescription:111 s.
Published: Praha Universita Karlova 1970

MARC

LEADER 00000nam a2200000 a 4500
001 vtls001305161
003 SK-MaSNL
005 20260301004944.0
008 240314s1970 xx 0 und
035 |a SNK000257382 
040 |a SNK  |b slo  |c SNK  |e AACR2 
100 1 |a Hošek, Radislav,  |d 1922-2005  |4 aut  |9 118514 
245 1 0 |a Řecké náboženství 
260 |a Praha  |b Universita Karlova  |c 1970 
300 |a 111 s. 
958 |a OND 
999 |c 543789  |d 545719 
952 |t P60, <04>, [BOOK], {604}  |a SNK  |b SNK  |y VYP  |7 0  |p 17A0101222  |o snkIB 24631  |0 0  |1 0  |4 0  |d 1997-10-03  |l 0  |r 2005-01-02 00:00:00  |w 2026-02-23 
952 |t P60, <04>, [BOOK], {604}  |a SNK  |b SNK  |y VYP  |7 0  |p 17A0430025  |o snkIB 24631 D1  |i snkKIP 833/71  |0 0  |1 1  |4 0  |d 2004-05-22  |l 0  |r 2005-01-02 00:00:00  |w 2026-02-23